That 70's Show Quotes! Quiz Stats

 Plays Quiz not verified by Sporcle

Also try: Name That Sitcom
Challenge
Share
Tweet
Embed
Score 0/12 Timer 04:00
0 Plays Today
Quote Character Name % Correct
So, my parents are, like, fighting all the time, and they want me to choose sides. But I can't, because they're both idiots. Donna
98.1%
Could you send your best wine to Caroline, and tell her when I said 'hi' I meant 'I'll take you like a stallion.'Fez
93%
What the hell is wrong with you? Why are you always so damn nervous?Red
92.2%
If somebody doesn't tell me I'm cute in the next five minutes, my head will explode.Jackie
88.7%
'I didn't mean to cheat, but she forced me. Downright coerced me.' [pauses] That's pretty good.Kelso
85.7%
Do you know how many cool guys live in New York? There's like... Lou Reed, man! Eric
84.8%
I am widely acknowledged as the space cowboy of this group. And I also call midnight toker!!Hyde
82.3%
Well, you know, on the way to the market, I tried to run over a cat. But they are just so darn speedy! Kitty
81.5%
Eh, you kids. Standing around the driveway. It's so darn cute! . . You know, you may not realize it, but this is the most fun you're ever gonna have.Bob
80.5%
Donna, those panties you found in the back of the Vista Cruiser...they were my panties!Midge
78%
I sat next to God once on the bus. He told me the meaning of life and then he gave me a pretzel.Leo
74.9%
Life is so complicated. You get old and die. Thank God I'm still young and hot!Laurie
67.7%

You're not logged in!

Compare scores with friends on all Sporcle quizzes.
OR
Log In

You Might Also Like...

Show Comments

Extras

Top Quizzes Today


Score Distribution

Your Account Isn't Verified!

In order to create a playlist on Sporcle, you need to verify the email address you used during registration. Go to your Sporcle Settings to finish the process.

Report this User

Report this user for behavior that violates our Community Guidelines.

Details: